| 000 | 00958npm a2200241 4500 | ||
|---|---|---|---|
| 001 | 5110 | ||
| 003 | ES-MaACL | ||
| 005 | 20230908150139.0 | ||
| 007 | hzrazu bucu | ||
| 008 | 891023r19891526sp b 00010 spa d | ||
| 080 | _a9(495 Rodas)"1522" | ||
| 100 | 1 |
_aFontanus, Jacobus. _951623 |
|
| 245 | 1 | 3 |
_aLa muy lamentable conquista y cruenta batalla de Rhodas [ _hMicroforma] / _cnuevamente sacada de la lengua latina en nuestro vulgar castellano... por el bachiller Christoval de Arcos. |
| 260 |
_aMadrid : _bAteneo Cientifico, Literario y Artistico, _c1989. |
||
| 300 |
_a2 microfichas : _bnegativo. |
||
| 500 | _aPublicado originalmente: Sevilla, Juan Varela de Salamanca, 1526. | ||
| 505 | 8 | _aMicroficha n. 1: fol. 1 a 59 -- Microficha n. 2: fol. 60 a 64 | |
| 650 | 1 | 4 |
_aObras anteriores a 1800. _915661 |
| 700 | 1 |
_aArcos, Cristobal de. _922514 |
|
| 852 |
_aES-MaACL _jMCF-11 _95227 _cDEPO1 |
||
| 942 |
_2udc _cMICROFORMA |
||
| 999 |
_c5110 _d5110 |
||